|
|
|
|
| LEADER |
00000cam a2200000 7i4500 |
| 001 |
0000031805 |
| 005 |
20120406.0 |
| 008 |
120406 |
| 020 |
|
|
|a 9831953617
|
| 090 |
0 |
0 |
|a 297.7409595
|b BAD
|
| 100 |
0 |
|
|a Badlihisham Mohd Nasir
|
| 245 |
1 |
0 |
|a Dinamisme gerakan Islam dan cabaran semasa
|c Badlihisham Mohd Nasir
|
| 260 |
|
|
|a Selangor :
|b Karisma Pub Sdn Bhd ,
|c 2009
|
| 650 |
|
0 |
|a Da'wah (Islam)
|z Malaysia
|
| 650 |
|
0 |
|a Islam
|x Missions
|z Malaysia
|
| 999 |
|
|
|a 0001142620
|b Book
|c Adult Collection
|e Cawangan Bukit Gambir
|
| 999 |
|
|
|a 0001142621
|b Book
|c Adult Collection
|e Perbadanan Perpustakaan Awam Johor
|